| 000 | 00939nam a22002417a 4500 | ||
|---|---|---|---|
| 999 |
_c20571 _d20571 |
||
| 003 | AR-CdUCM | ||
| 008 | 190531b ||||| |||| 00| 0 spa d | ||
| 040 |
_aMUNICIPALIDAD PROVINCIAL DEL CUSCO _cBIBLIOTECA MUNICIPAL DEL CUSCO |
||
| 041 | _heng | ||
| 082 |
_a976 / _bJ19 |
||
| 100 |
_aJames, Daniel _943003 |
||
| 245 | _aTácticas rojas en las américas / | ||
| 260 |
_aMéxico, D, F. : _bIntercontinental, _c1955. |
||
| 300 |
_a215 páginas ; _c23 cm. |
||
| 500 | _a[libro reempastado], derechos cedidos a la traducción española a favor de Editorial Intercontinental, S. A. | ||
| 505 | _aContenido: Amenaza soviética sobre las Américas -- La revolución nacionalista -- La revolución comunista -- Los partidos cautivos... | ||
| 650 |
_aGuerra civil _91772 |
||
| 650 |
_aDaniel James _943004 |
||
| 650 |
_aConspiración del Caribe _943005 |
||
| 700 |
_aVela, David (prólogo) _943006 |
||
| 942 |
_2ddc _cLIBROS |
||
| 945 | _aAndy | ||